000 00499ntaaa2200181 4500
003 01
005 20251027201930.0
008 0714s1973 ag 01
040 _aAR-BaBN
_bspa
_cAR-BaBN
_eaacr
_dRIC
082 _a244.4160 Ur1n
100 _aUrbaƱski, Horacio A.
_917884
245 _aNavidad siglo veinta
250 _a1 ed.
260 _aBuenos Aires :
_bJunta Bautista de Publicaciones,
_c1972
300 _a78 p.
500 _arepresentaciones de cinco autores de varias iglesias
942 _cBK
999 _c14034
_d14034